000 00836nam a2200229 a 4500
005 20080616100023.0
008 070814s2007 ii 001 0 eng
010 _aENG-91543
020 _a9788120738911
_c100.00
035 _aEN-75076
037 _bDBAD / PUB
040 _adpl
_bEnglish
082 _a615.853
100 _aVijaya Kumar
245 _aSpas for healthy living /
_cby Vijaya Kumar
260 _aNew Delhi
_bSterling Paperbacks
_c2008
300 _a79p.:
_c23 cm (pbk)
_bcol. photos
520 _aContributed articles chiefly with reference to India.
650 _aHealth resorts
942 _2ddc
_cEN
_mVIJ
_h615.853
999 _c18132
_d18132